| 000 | 00411nam a2200181Ia 4500 | ||
|---|---|---|---|
| 001 | 20463 | ||
| 005 | 20260306172808.0 | ||
| 008 | 260306t2001||||xx |||||||||||||| ||spa|| | ||
| 041 | _aESP | ||
| 082 |
_a343.246C _bC76 |
||
| 100 |
_aEspaña _eAUT |
||
| 245 | 0 | _aConstitución Española | |
| 260 | _c2001 | ||
| 300 |
_a172 páginas : _c17 cm. |
||
| 650 | _aGEN | ||
| 654 | _aCDE | ||
| 942 |
_cLIB _dJUS _fJUS _2ddc _n |
||
| 999 |
_c20463 _d20463 |
||